00285nam a2200121Ia 4500008004100000082001600041100001500057245003500072250000800107260002600115300001000141650001200151150201s2003 xx 000 0 und d a611bI2003W aWEIR JAMIE aIMAGING ATLAS OF HUMAN ANATOMY a3RD bMOSBYaEDINBURGc2003 a1-226 aANATOMY